Serbia Football Team World Cup Starting XI - Statistics

General Stats
  • This quiz has been taken 728 times
    673 since last reset
  • The average score is 12 of 26
Answer Stats
Player % Correct
Sergej Milinković-Savić
92%
Vanja Milinković-Savić
92%
Aleksandar Mitrović
88%
Dušan Vlahović
83%
Dušan Tadić
73%
Nemanja Vidić
64%
Aleksandar Kolarov
63%
Filip Kostić
60%
Branislav Ivanović
59%
Nikola Milenković
55%
Strahinja Pavlović
54%
Nemanja Matić
51%
Dejan Stanković
47%
Vladimir Stojković
42%
Andrija Živković
38%
Miloš Veljković
35%
Saša Lukić
34%
Miloš Krasić
31%
Nikola Žigić
29%
Milan Jovanović
23%
Duško Tošić
22%
Adem Ljajić
18%
Luka Milivojević
17%
Zdravko Kuzmanović
12%
Aleksandar Luković
8%
Miloš Ninković
7%
No matching quizzes found
Score Distribution
Percent of People with Each Score
Percentile by Number Answered
Your Score History
You have not taken this quiz since the last reset